000 01034nam a22002297a 4500
005 20100830104546.0
010 _aHIN-90210
020 _a9788189211264
_c150.00
035 _aHN-62556
037 _bDBAD / PUB
082 _a
100 _aप्रेमचंद
_91372
245 _aप्रेमचंद की हास्य कहानियाँ /
_cप्रेमचंद
246 _aPrem Chand ki Hasya Kahaniyan
_bby Prem Chand
260 _aनई दिल्ली
_bभारतीय ग्रंथ निकेतन
_c2010
270 _a2713, कूचा चेलान, दरियागंज
_bनई दिल्ली
_e110002
300 _a168पृ.
_c22सेमी (सजिल्द)
650 _aलघु कथाएँ, हिन्दी
_91169
700 _917425
942 _2ddc
_cHN
_h
_mप्रेमचं
999 _c43115
_d43115